Nomi, cose e città: uccelli in Italia - Statistics

Statistiche generali
  • Questo quiz è stato fatto 67 volte
  • Il punteggio medio è 11 su 19
Statistiche sulle risposte
Hint Risposta % Corretto
A Abuzago|Airone|Albanella|Allocco|Allodola|Alzavola|Anatra|Aquila|Assiolo|Astore|Averla|Avocetta|Avvoltoio
98%
C Calandra|Calandrella|Calandro|Canapiglia|Canapino|Canarino|Cannaiola|Cannareccione|Capinera|Capovaccaio|Cappellaccia|Caprimulgo|Cardellino|Casarca|Cavaliere d'Italia|Cesena|Chiurlo|Chukar|Cianciallegra|Cicogna|Cigno|Cincia|Cinciarella|Cinclo|Ciuffolotto|Civetta|Codibugnolo|Codino|Codirosso|Codirossone|Codone|Colino|Colomba|Colombaccio|Colombella|Colombo|Cormorano|Cornacchia|Corriere|Corvo|Coturnice|Crociere|Cuculo|Culbianco|Cutrettola
96%
P Palombaccio|Palombella|Palombo|Panuro|Parrocchetto|Passera|Passero|Passerotto|Pavoncella|Pecchiaiolo|Pendolino|Peppola|Pernice|Pettazzurro|Pettegola|Pettirosso|Picchio|Piccione|Pigliamosche|Piro-piro|Pittima|Piviere|Poiana|Pollo|Porciglione|Prispola|Prispolone
96%
G Gabbiano|Gallina|Gallinella|Gallo|Garzetta|Gazza|Germano|Gheppio|Ghiandaia|Gipeto|Gracchio|Grifone|Grillaio|Gruccione|Guacco|Gufo
95%
F Fagiano|Falco|Fanello|Fenicottero|Fiorrancino|Fischione|Fistione|Folaga|Forapaglie|Francolino|Fraticello|Fratino|Fringuello|Frosone
91%
U Uccello delle tempeste|Upupa|Urogallo|Usignolo
80%
B Balestruccio|Balia|Ballerina|Barbagianni|Basettino|Batticoda|Beccaccia|Beccacino|Beccafico|Beccamoschino|Beccapesci|Bengalino|Berta|Biancone|Bigia|Bigiarella|Bozzago|Bozzagro|Bozzegro|Buzzago|Buzzagro
73%
Q Quaglia
63%
M Magnanina|Marangone|Martin pescatore|Marzaiola|Merlo|Merope|Migliariono|Mignattaio|Mignattino|Monachella|Moretta|Moriglione|Moschettone
61%
R Rampichino|Re di quaglie|Reattino|Regolo|Rigogolo|Rondine|Rondone
61%
N Nibbio|Nitticora|Nocciolaia
59%
O Oca|Occhiocotto|Occhione|Organetto|Ortigometra|Ortolano|Ostrichiere
55%
S Salciaiola|Saltimpalo|Schiribilla|Scricciolo|Sgarza|Smergo|Sordone|Sparviere|Sparviero|Spatola|Spioncello|Starna|Sterna|Sterpazzola|Sterpazzolina|Stiaccino|Storno|Strillozzo|Succiacapre|Sula
54%
T Taccola|Tarabùsino|Tarabusto|Topino|Torcicollo|Tordela|Tordella|Tordo|Tortora|Tottavilla
54%
I Ibis
27%
V Venturone|Verdello|Verdone|Verzellino|Volpoca|Voltolino
23%
L Lanario|Lodola|Lodolaio|Lucarino|Lucherino|Luì
18%
Z Zigolo
14%
E Edredone
5%
Nessun quiz corrispondente trovato
Distribuzione punteggi
Percentuale di utenti per punteggio
Percentile per numero di risposta
I tuoi punteggi nel tempo
Non hai fatto questo quiz